Граници на гражданството - европейските жени между традицията и модерността (Запис номер 17868)
[ съкратено ]
| 000 -Лидер | |
|---|---|
| Контролно поле с фиксирана дължина | 02816nam a2200481 c 4500 |
| 003 - Код на организацията, давaща контролен номер | |
| Контролно поле | BLK |
| 005 - Дата и час на последна редакция | |
| Контролно поле | 20230526160616.0 |
| 008 - Елементи от данни с фиксирана дължина | |
| fixed length control field | 180413b bul|||||r ||||||| ||bul|| |
| 010 ## - Наследен системен номер | |
| LC control number | KNG00019877000 |
| 020 ## - Международен стандартен номер на книга ISBN | |
| Международен стандартен номер на книга ISBN | 954-607-474-8 |
| 040 ## - Източник на каталожния запис | |
| Идентификатор на билиотеката - собственик на записа | BLK |
| 041 ## - Код за език | |
| Код за езика на текст/звукозапис или на отделно заглавие | Български |
| Код за езика КДБФ | Български |
| 080 ## - УДК | |
| Текстов определител УДК | Социални изследвания на жени. Жените и обществото |
| УДК код - определител по УДК | 305-055.2 |
| УДК определител | (4)(091)(063) |
| УДК - код + определител | 305-055.2(4)(091)(063) |
| 080 ## - УДК | |
| Текстов определител УДК | Социология по пол |
| УДК код - определител по УДК | 316.346.2 |
| УДК определител | (4)(063) |
| УДК - код + определител | 316.346.2(4)(063) |
| 080 ## - УДК | |
| Текстов определител УДК | Основни права. Права на човека. Права и задължения на гражданите. Право на информация, на убежище. Принадлежност към държава, свобода на личността, гражданскоправно, политическо равенство, на |
| УДК код - определител по УДК | 342.7 |
| УДК определител | -055.2(4)(091)(063) |
| УДК - код + определител | 342.7-055.2(4)(091)(063) |
| 100 1# - Редна дума - Автор | |
| Автор | Авдела, Ефи |
| Авторска отговорност | първи автор |
| R(LIN) | 29180 |
| 139 ## - Редно поле | |
| Редна дума | Граници на гражданството - европейските жени между традицията и модерността |
| Авторски знак | Гра - Г 74 |
| 245 10 - Сведения за заглавието | |
| Заглавие | Граници на гражданството - европейските жени между традицията и модерността |
| Редно поле (дума) | Ефи Авдела; състав. и ред. Красимира Петрова Даскалова; състав. и ред. Райна Гаврилова. |
| 257 ## - Страна на издаване | |
| Страна на създаване/издаване | България |
| 260 ## - Област на издателските данни | |
| Име на издателя, разпространителя и проч. | ЛИК |
| Година на издаване | 2001 |
| 300 ## - Физическа характеристика | |
| Страници | 346 с. |
| Илюстрации и др. | с портр., ил. |
| Размери/Мащаб | 21 см |
| 380 ## - Жанр | |
| Жанр | Обществени науки |
| 500 ## - Общи забележки | |
| Забележка | Изд. на Бълг. група за изследвания по история на жените и пола. - Офс. изд. - Съдържа и За авторите на тази книга. Докл. от конф., София, 1999. Сб. се посвещава на 100 - год. на Бълг. женски съюз. |
| 650 #4 - Допълнително описание по предмет – тема | |
| Основно описание – тема или топоним | Жени - роля в семейството и обществото |
| 9 (RLIN) | 242362 |
| 650 #4 - Допълнително описание по предмет – тема | |
| Основно описание – тема или топоним | Женски въпрос - Европа - история |
| 9 (RLIN) | 262390 |
| 650 #4 - Допълнително описание по предмет – тема | |
| Основно описание – тема или топоним | Жени - граждански права |
| 9 (RLIN) | 262391 |
| 653 ## - Ключова дума – ненормативна | |
| Ключова дума | жени |
| 653 ## - Ключова дума – ненормативна | |
| Ключова дума | женско движение |
| 653 ## - Ключова дума – ненормативна | |
| Ключова дума | права на човека |
| 653 ## - Ключова дума – ненормативна | |
| Ключова дума | Европа |
| 653 ## - Ключова дума – ненормативна | |
| Ключова дума | история |
| 659 ## - Тематичен бюлетин | |
| Тематичен бюлетин | Е |
| 700 1# - Други автори (авторска отговорност) | |
| Лично име | Даскалова, Красимира Петрова |
| Автороска отговорност (Описва отношението между автора и произведението) | състав. и ред. |
| 9 (RLIN) | 262388 |
| 700 1# - Други автори (авторска отговорност) | |
| Лично име | Гаврилова, Райна |
| Автороска отговорност (Описва отношението между автора и произведението) | състав. и ред. |
| 9 (RLIN) | 262389 |
| 852 ## - Местоположение | |
| Форматна сигнатура | Цб 210373 |
| 856 4# - Електронен адрес и достъп | |
| Електронен формат | pdf - файл |
| Път до файла /url/ | |
| 856 4# - Електронен адрес и достъп | |
| Електронен формат | pdf - файл |
| Път до файла /url/ | |
| 999 ## - СИСТЕМНИ КОНТРОЛНИ НОМЕРА | |
| Koha biblionumber | 17868 |
| Koha biblioitemnumber | 17868 |
| 942 ## - АРТИКУЛИ | |
| Вид на библиотечния материал | Книги |
| Скрит в OPAC | Не |
| Периодичен библиозапис | Да |
| Koha issues (borrowed), all copies | 3 |
| 944 ## - СЪЗДАВАНЕ И РЕДАКЦИЯ на ЗАПИСА | |
| Създаване/Редакция | Създаване |
| Дата на регистрацията/редакция | 08.05.2003 |
| Служител, извършил регистрацията/редакцията | Людмила_Стоянова |
| 944 ## - СЪЗДАВАНЕ И РЕДАКЦИЯ на ЗАПИСА | |
| Създаване/Редакция | Редакция |
| Дата на регистрацията/редакция | 02.02.2005 |
| 999 ## - СИСТЕМНИ КОНТРОЛНИ НОМЕРА | |
| Koha biblioitemnumber | 17868 |
| 999 ## - СИСТЕМНИ КОНТРОЛНИ НОМЕРА | |
| Koha biblioitemnumber | 17868 |
| Код за отписване | Код за изгубен артикул | Източник на класификационната схема | Код за повреда | Коз за рестрикции | Код за отдаване | Артикулен № | Име на библиотеката - собственик | Име на библиотеката, в която се намира в момента | Статус (Текущо местоположение) | Дата на вписване в системата | Местоположение - отдел | Цена в лева | Инвентарен номер | Систематично азбучна сигнатура | Баркод | Номер на екземпляра | Цена в евро | Служебна бележка | Служебен тип на артикула |
|---|---|---|---|---|---|---|---|---|---|---|---|---|---|---|---|---|---|---|---|
| Не е изгубен | Universal Decimal Classification | Не е повреден | без рестрикции | ползва се в читалня | 30073 | Регионална библиотека "Любен Каравелов" Русе | Регионална библиотека "Любен Каравелов" Русе | Хранилище | 2002-01-25 | Хранилище | 0.00 | 668186 | Цб 210373 | 120000668186 | 1 | 0.00 | Дост: Dp Вид: Д N: 41 Дата: 03.11.2001 | Книги | |
| Не е изгубен | Universal Decimal Classification | Не е повреден | без рестрикции | заемане за дома | 30074 | Регионална библиотека "Любен Каравелов" Русе | Регионална библиотека "Любен Каравелов" Русе | Заемна - подръчен фонд | 2002-03-26 | Заемна - подръчен фонд | 6.00 | 120000669188 | 305/Г 74 | 120000669188 | 2 | 3.07 | Дост: DA Вид: А N: 8 Дата: 25.03.2002 Дата инв: 08.02.2018 Бележки инв: П2018 | Книги |